[Event "Stay Safe Play From Home 275"]
[Site "Emanuel Lasker Arena"]
[Date "2020.07.03"]
[Round "4"]
[White "Uber_WING"]
[Black "The Next Contender"]
[Result "1-0"]
[WhiteElo "2398"]
[BlackElo "2008"]
[PlyCount "73"]
[EventDate "2020.07.03"]
[EventType "swiss (blitz)"]

1. e4 {[%emt 0:00:01]} d5 {[%emt 0:00:00]} 2. Nf3 {[%emt 0:00:01]} dxe4 {[%emt 0:00:01]} 3. Ng5 {[%emt 0:00:00]} Bf5 {[%emt 0:00:01]} 4. Qe2 {[%emt 0:00:01]} Nf6 {[%emt 0:00:01]} 5. Qb5+ {[%emt 0:00:01]} Nbd7 {[%emt 0:00:06]} 6. Qxf5 {[%emt 0:00:02]} h6 {[%emt 0:00:03]} 7. Nxe4 {[%emt 0:00:01]} Nxe4 {[%emt 0:00:01]} 8. Qxe4 {[%emt 0:00:00]} Nf6 {[%emt 0:00:00]} 9. Qxb7 {[%emt 0:00:01]} Rb8 {[%emt 0:00:01]} 10. Bb5+ {[%emt 0:00:00]} Nd7 {[%emt 0:00:02]} 11. Bxd7+ {[%emt 0:00:01]} Kxd7 {[%emt 0:00:02]} 12. Qxa7 {[%emt 0:00:01]} e6 {[%emt 0:00:01]} 13. Qd4+ {[%emt 0:00:01]} Bd6 {[%emt 0:00:01]} 14. Nc3 {[%emt 0:00:00]} Qg5 {[%emt 0:00:02]} 15. Kf1 {[%emt 0:00:08]} Rb4 {[%emt 0:00:01]} 16. Qe3 {[%emt 0:00:01]} Qg6 {[%emt 0:00:04]} 17. a3 {[%emt 0:00:02]} Rf4 {[%emt 0:00:01]} 18. d3 {[%emt 0:00:03]} Rf5 {[%emt 0:00:02]} 19. Ne4 {[%emt 0:00:01]} Be5 {[%emt 0:00:01]} 20. Bd2 {[%emt 0:00:02]} Bf4 {[%emt 0:00:03]} 21. Qe2 {[%emt 0:00:06]} Rb8 {[%emt 0:00:02]} 22. Bxf4 {[%emt 0:00:02]} Rxf4 {[%emt 0:00:01]} 23. Nc5+ {[%emt 0:00:01]} Ke8 {[%emt 0:00:02]} 24. b4 {[%emt 0:00:02]} Qf6 {[%emt 0:00:02]} 25. Re1 {[%emt 0:00:01]} Ra8 {[%emt 0:00:02]} 26. g3 {[%emt 0:00:02]} Rf5 {[%emt 0:00:01]} 27. Ne4 {[%emt 0:00:03]} Qd4 {[%emt 0:00:04]} 28. Kg2 {[%emt 0:00:01]} Rxa3 {[%emt 0:00:01]} 29. c3 {[%emt 0:00:00]} Qd5 {[%emt 0:00:02]} 30. Ra1 {[%emt 0:00:01]} Rb3 {[%emt 0:00:02]} 31. Ra7 {[%emt 0:00:01]} Re5 {[%emt 0:00:02]} 32. f4 {[%emt 0:00:02]} Rf5 {[%emt 0:00:02]} 33. Rxc7 {[%emt 0:00:01]} Rf6 {[%emt 0:00:01]} 34. Rc5 {[%emt 0:00:01]} Qa8 {[%emt 0:00:01]} 35. Ra1 {[%emt 0:00:02]} Qxa1 {[%emt 0:00:01]} 36. Nxf6+ {[%emt 0:00:00]} gxf6 {[%emt 0:00:01]} 37. Rc8+ {[%emt 0:00:02] Time ' (Lag: Av=0.40s, max=0.7s)} 1-0

[Event "Stay Safe Play From Home 275"]
[Site "Emanuel Lasker Arena"]
[Date "2020.07.03"]
[Round "4"]
[White "Lamborghini"]
[Black "Haris kollari 13"]
[Result "1-0"]
[WhiteElo "2243"]
[BlackElo "1773"]
[Annotator "NA"]
[PlyCount "59"]
[EventDate "2020.07.03"]
[EventType "swiss (blitz)"]

1. e4 {[%emt 0:00:01]} e6 {[%emt 0:00:00]} 2. d4 {[%emt 0:00:01]} d5 {[%emt 0:00:01]} 3. Nc3 {[%emt 0:00:01]} Nf6 {[%emt 0:00:01]} 4. Bg5 {[%emt 0:00:01]} Be7 {[%emt 0:00:01]} 5. e5 {[%emt 0:00:01]} Nfd7 {[%emt 0:00:01]} 6. Bxe7 {[%emt 0:00:00]} Qxe7 {[%emt 0:00:01]} 7. f4 {[%emt 0:00:00]} a6 {[%emt 0:00:03]} 8. Nf3 {[%emt 0:00:00]} c5 {[%emt 0:00:01]} 9. Qd2 {[%emt 0:00:00]} Nc6 {[%emt 0:00:01]} 10. dxc5 {[%emt 0:00:01]} Nxc5 {[%emt 0:00:02]} 11. O-O-O {[%emt 0:00:01]} b5 {[%emt 0:00:01]} 12. Bd3 {[%emt 0:00:01]} Bb7 {[%emt 0:00:01]} 13. Ne2 {[%emt 0:00:02]} Nb4 {[%emt 0:00:05]} 14. Kb1 {[%emt 0:00:01]} Ncxd3 {[%emt 0:00:01]} 15. cxd3 {[%emt 0:00:00]} Nc6 {[%emt 0:00:02]} 16. Ned4 {[%emt 0:00:01]} Nd8 {[%emt 0:00:02]} 17. Rc1 {[%emt 0:00:01]} O-O {[%emt 0:00:01]} 18. h4 {[%emt 0:00:01]} h6 {[%emt 0:00:02]} 19. g4 {[%emt 0:00:02]} Qd7 {[%emt 0:00:03]} 20. g5 {[%emt 0:00:01]} h5 {[%emt 0:00:02]} 21. Rc5 {[%emt 0:00:04]} g6 {[%emt 0:00:01]} 22. Rhc1 {[%emt 0:00:01]} Qe8 {[%emt 0:00:07]} 23. Qa5 {[%emt 0:00:01]} Rb8 {[%emt 0:00:02]} 24. Rc7 {[%emt 0:00:01]} Kg7 {[%emt 0:00:04]} 25. Qb4 {[%emt 0:00:01]} Rh8 {[%emt 0:00:02]} 26. Re7 {[%emt 0:00:01]} Qf8 {[%emt 0:00:01]} 27. Rcc7 {[%emt 0:00:01]} Ba8 {[%emt 0:00:03]} 28. Qd6 {[%emt 0:00:01]} Nb7 {[%emt 0:00:02]} 29. Qxe6 {[%emt 0:00:01]} Nd8 {[%emt 0:00:07]} 30. Qf6+ {[%emt 0:00:00] Time (Lag: Av=0.35s, max=0.4s)} 1-0

[Event "Stay Safe Play From Home 275"]
[Site "Emanuel Lasker Arena"]
[Date "2020.07.03"]
[Round "4"]
[White "Buzaglo"]
[Black "BrainThinker22"]
[Result "0-1"]
[WhiteElo "1980"]
[BlackElo "2391"]
[Annotator "NA"]
[PlyCount "69"]
[EventDate "2020.07.03"]
[EventType "swiss (blitz)"]

1. d4 {[%emt 0:00:01]} c5 {[%emt 0:00:01]} 2. Nf3 {[%emt 0:00:00]} cxd4 {[%emt 0:00:00]} 3. g3 {[%emt 0:00:00]} Nc6 {[%emt 0:00:00]} 4. Nxd4 {[%emt 0:00:01]} Nf6 {[%emt 0:00:00]} 5. Nxc6 {[%emt 0:00:01]} bxc6 {[%emt 0:00:00]} 6. Bg2 {[%emt 0:00:00]} g6 {[%emt 0:00:00]} 7. O-O {[%emt 0:00:00]} Bg7 {[%emt 0:00:00]} 8. c3 {[%emt 0:00:00]} O-O {[%emt 0:00:00]} 9. Nd2 {[%emt 0:00:00]} d5 {[%emt 0:00:00]} 10. Nf3 {[%emt 0:00:00]} Bg4 {[%emt 0:00:01]} 11. Re1 {[%emt 0:00:00]} Qd7 {[%emt 0:00:03]} 12. Ne5 {[%emt 0:00:01]} Qc8 {[%emt 0:00:01]} 13. Nxg4 {[%emt 0:00:01]} Nxg4 {[%emt 0:00:00]} 14. e4 {[%emt 0:00:01]} Rd8 {[%emt 0:00:01]} 15. exd5 {[%emt 0:00:01]} cxd5 {[%emt 0:00:00]} 16. h3 {[%emt 0:00:02]} Ne5 {[%emt 0:00:01]} 17. Bf4 {[%emt 0:00:03]} Nc6 {[%emt 0:00:05]} 18. c4 {[%emt 0:00:04]} dxc4 {[%emt 0:00:03]} 19. Qa4 {[%emt 0:00:00]} Nd4 {[%emt 0:00:07]} 20. Bxa8 {[%emt 0:00:05]} Qxa8 {[%emt 0:00:00]} 21. Re3 {[%emt 0:00:03]} Nf3+ {[%emt 0:00:02]} 22. Rxf3 {[%emt 0:00:01]} Qxf3 {[%emt 0:00:00]} 23. Qxc4 {[%emt 0:00:01]} Bd4 {[%emt 0:00:01]} 24. Rf1 {[%emt 0:00:03]} Bb6 {[%emt 0:00:07]} 25. Bh6 {[%emt 0:00:04]} e6 {[%emt 0:00:04]} 26. Qf4 {[%emt 0:00:04]} Bxf2+ {[%emt 0:00:03]} 27. Kh2 {[%emt 0:00:07]} Bxg3+ {[%emt 0:00:02]} 28. Qxg3 {[%emt 0:00:02]} Qxf1 {[%emt 0:00:01]} 29. Qc3 {[%emt 0:00:02]} Qe2+ {[%emt 0:00:03]} 30. Kg3 {[%emt 0:00:01]} Rd3+ {[%emt 0:00:01]} 31. Qxd3 {[%emt 0:00:01]} Qxd3+ {[%emt 0:00:00]} 32. Kg4 {[%emt 0:00:00]} Qf5+ {[%emt 0:00:01]} 33. Kg3 {[%emt 0:00:01]} Qh5 {[%emt 0:00:00]} 34. Bf4 {[%emt 0:00:01]} Qb5 {[%emt 0:00:01] Buzaglo reconnected.} 35. Be3 {[%emt 0:00:02]} 0-1

[Event "Stay Safe Play From Home 275"]
[Site "Emanuel Lasker Arena"]
[Date "2020.07.03"]
[Round "4"]
[White "Trotsky"]
[Black "Mepe_Nika"]
[Result "0-1"]
[WhiteElo "1623"]
[BlackElo "2324"]
[Annotator "RC"]
[PlyCount "36"]
[EventDate "2020.07.03"]
[EventType "swiss (blitz)"]

1. d4 {[%emt 0:00:01]} c5 {[%emt 0:00:01]} 2. e3 {[%emt 0:00:00]} cxd4 {[%emt 0:00:00]} 3. exd4 {[%emt 0:00:01]} b6 {[%emt 0:00:00]} 4. c4 {[%emt 0:00:01]} Bb7 {[%emt 0:00:00]} 5. Nc3 {[%emt 0:00:01]} g6 {[%emt 0:00:00]} 6. Qc2 {[%emt 0:00:01]} Bg7 {[%emt 0:00:00]} 7. f3 {[%emt 0:00:00]} Nf6 {[%emt 0:00:00]} 8. Bd3 {[%emt 0:00:01]} O-O {[%emt 0:00:00]} 9. Be3 {[%emt 0:00:01]} d5 {[%emt 0:00:01]} 10. h4 {[%emt 0:00:01]} dxc4 {[%emt 0:00:01]} 11. Bxc4 {[%emt 0:00:01]} Nc6 {[%emt 0:00:00]} 12. O-O-O {[%emt 0:00:03]} Rc8 {[%emt 0:00:01]} 13. a3 {[%emt 0:00:01]} Nb4 {[%emt 0:00:01]} 14. axb4 {[%emt 0:00:03]} Rxc4 {[%emt 0:00:01]} 15. Nh3 {[%emt 0:00:01]} Nd5 {[%emt 0:00:01]} 16. Ng5 {[%emt 0:00:01]} Nxe3 {[%emt 0:00:02]} 17. Qd3 {[%emt 0:00:02]} Nxd1 {[%emt 0:00:04]} 18. Kxd1 {[%emt 0:00:02]} Rxd4 {[%emt 0:00:02] Trotsky Ñäàåòñÿ (Lag: Av=0.34s, max=0.5s)} 0-1

[Event "Stay Safe Play From Home 275"]
[Site "Emanuel Lasker Arena"]
[Date "2020.07.03"]
[Round "4"]
[White "Base642019"]
[Black "Klasman"]
[Result "1-0"]
[WhiteElo "1620"]
[BlackElo "1348"]
[Annotator "NA"]
[PlyCount "43"]
[EventDate "2020.07.03"]
[EventType "swiss (blitz)"]

1. g3 {[%emt 0:00:03]} d5 {[%emt 0:00:03]} 2. Bg2 {[%emt 0:00:00]} e5 {[%emt 0:00:01]} 3. d4 {[%emt 0:00:00]} exd4 {[%emt 0:00:03]} 4. Qxd4 {[%emt 0:00:01]} Nf6 {[%emt 0:00:05]} 5. Bg5 {[%emt 0:00:01]} c6 {[%emt 0:00:01]} 6. Bxf6 {[%emt 0:00:02]} Qxf6 {[%emt 0:00:01]} 7. Qxf6 {[%emt 0:00:01]} gxf6 {[%emt 0:00:01]} 8. Nd2 {[%emt 0:00:01]} Bf5 {[%emt 0:00:02]} 9. O-O-O {[%emt 0:00:02]} Bd6 {[%emt 0:00:03]} 10. f4 {[%emt 0:00:02]} Nd7 {[%emt 0:00:03]} 11. e4 {[%emt 0:00:01]} dxe4 {[%emt 0:00:08]} 12. Nxe4 {[%emt 0:00:01]} Bxe4 {[%emt 0:00:03]} 13. Bxe4 {[%emt 0:00:01]} Bc7 {[%emt 0:00:05]} 14. Bf5 {[%emt 0:00:01]} Nb6 {[%emt 0:00:08]} 15. Nf3 {[%emt 0:00:01]} O-O {[%emt 0:00:01]} 16. b3 {[%emt 0:00:04]} Rfd8 {[%emt 0:00:01]} 17. h4 {[%emt 0:00:04]} Nd5 {[%emt 0:00:01]} 18. Nd4 {[%emt 0:00:03]} Ne3 {[%emt 0:00:02]} 19. Be4 {[%emt 0:00:09]} Nxd1 {[%emt 0:00:04]} 20. Rxd1 {[%emt 0:00:00]} Bb6 {[%emt 0:00:02]} 21. Nf5 {[%emt 0:00:01]} Rxd1+ {[%emt 0:00:01]} 22. Kxd1 {[%emt 0:00:00] Time} 1-0

[Event "Stay Safe Play From Home 275"]
[Site "Emanuel Lasker Arena"]
[Date "2020.07.03"]
[Round "5"]
[White "AChessPlayer"]
[Black "Lamborghini"]
[Result "1-0"]
[WhiteElo "2457"]
[BlackElo "2245"]
[PlyCount "107"]
[EventDate "2020.07.03"]
[EventType "swiss (blitz)"]

1. b3 {[%emt 0:00:02]} e5 {[%emt 0:00:02]} 2. Bb2 {[%emt 0:00:00]} Nc6 {[%emt 0:00:00]} 3. e3 {[%emt 0:00:00]} d5 {[%emt 0:00:01]} 4. Bb5 {[%emt 0:00:00]} Nge7 {[%emt 0:00:01]} 5. Ne2 {[%emt 0:00:00]} a6 {[%emt 0:00:01]} 6. Bxc6+ {[%emt 0:00:00]} Nxc6 {[%emt 0:00:01]} 7. d3 {[%emt 0:00:00]} Be6 {[%emt 0:00:01]} 8. Nd2 {[%emt 0:00:00]} f6 {[%emt 0:00:00]} 9. e4 {[%emt 0:00:00]} Qd7 {[%emt 0:00:00]} 10. O-O {[%emt 0:00:01]} O-O-O {[%emt 0:00:01]} 11. a4 {[%emt 0:00:01]} h5 {[%emt 0:00:01]} 12. a5 {[%emt 0:00:04]} h4 {[%emt 0:00:01]} 13. Re1 {[%emt 0:00:01]} h3 {[%emt 0:00:01]} 14. g3 {[%emt 0:00:00]} d4 {[%emt 0:00:02]} 15. Kh1 {[%emt 0:00:02]} Bb4 {[%emt 0:00:02]} 16. Ng1 {[%emt 0:00:00]} Bxa5 {[%emt 0:00:02]} 17. Rf1 {[%emt 0:00:00]} Bc3 {[%emt 0:00:01]} 18. Bxc3 {[%emt 0:00:01]} dxc3 {[%emt 0:00:00]} 19. Nb1 {[%emt 0:00:00]} Qd4 {[%emt 0:00:02]} 20. Qe1 {[%emt 0:00:00]} Nb4 {[%emt 0:00:02]} 21. Qe2 {[%emt 0:00:00]} Qc5 {[%emt 0:00:02]} 22. Ra4 {[%emt 0:00:04]} Nc6 {[%emt 0:00:01]} 23. Qe3 {[%emt 0:00:03]} Nd4 {[%emt 0:00:02]} 24. Ne2 {[%emt 0:00:02]} Bg4 {[%emt 0:00:04]} 25. f3 {[%emt 0:00:01]} Be6 {[%emt 0:00:02]} 26. Nbxc3 {[%emt 0:00:01]} Nxb3 {[%emt 0:00:02]} 27. Qxc5 {[%emt 0:00:02]} Nxc5 {[%emt 0:00:01]} 28. Raa1 {[%emt 0:00:00]} b6 {[%emt 0:00:03]} 29. Rfb1 {[%emt 0:00:00]} Rd6 {[%emt 0:00:02]} 30. Kg1 {[%emt 0:00:00]} Rhd8 {[%emt 0:00:01]} 31. Kf2 {[%emt 0:00:00]} Rc6 {[%emt 0:00:01]} 32. Ke3 {[%emt 0:00:00]} Nd7 {[%emt 0:00:01]} 33. Rxa6 {[%emt 0:00:01]} Kb7 {[%emt 0:00:02]} 34. Raa1 {[%emt 0:00:00]} Nf8 {[%emt 0:00:01]} 35. Kd2 {[%emt 0:00:00]} Bf7 {[%emt 0:00:02]} 36. Nd1 {[%emt 0:00:00]} Ne6 {[%emt 0:00:01]} 37. Ne3 {[%emt 0:00:00]} Nc5 {[%emt 0:00:01]} 38. Ra2 {[%emt 0:00:02]} Rcd6 {[%emt 0:00:01]} 39. Rab2 {[%emt 0:00:01]} g5 {[%emt 0:00:02]} 40. Ke1 {[%emt 0:00:01]} Be6 {[%emt 0:00:01]} 41. Kf2 {[%emt 0:00:01]} g4 {[%emt 0:00:01]} 42. fxg4 {[%emt 0:00:01]} Nxd3+ {[%emt 0:00:02]} 43. cxd3 {[%emt 0:00:01]} Rxd3 {[%emt 0:00:00]} 44. Ng1 {[%emt 0:00:01]} Bxg4 {[%emt 0:00:01]} 45. Nxg4 {[%emt 0:00:01]} Rd2+ {[%emt 0:00:00]} 46. Rxd2 {[%emt 0:00:01]} Rxd2+ {[%emt 0:00:00]} 47. Ne2 {[%emt 0:00:00]} Rd6 {[%emt 0:00:00]} 48. Ne3 {[%emt 0:00:00]} c5 {[%emt 0:00:01]} 49. Nf5 {[%emt 0:00:00]} Rd4 {[%emt 0:00:01]} 50. Nfxd4 {[%emt 0:00:01]} exd4 {[%emt 0:00:00]} 51. Nc1 {[%emt 0:00:00]} Kc6 {[%emt 0:00:01]} 52. Nd3 {[%emt 0:00:00]} c4 {[%emt 0:00:00]} 53. Nf4 {[%emt 0:00:00]} Kc5 {[%emt 0:00:00]} 54. Nd5 {[%emt 0:00:00] Zeit (Lag: Av=0.40s, max=1.4s)} 1-0

[Event "Stay Safe Play From Home 275"]
[Site "Emanuel Lasker Arena"]
[Date "2020.07.03"]
[Round "5"]
[White "BrainThinker22"]
[Black "Broken sword"]
[Result "0-1"]
[WhiteElo "2394"]
[BlackElo "2484"]
[Annotator "NA"]
[PlyCount "84"]
[EventDate "2020.07.03"]
[EventType "swiss (blitz)"]

1. e4 {[%emt 0:00:01]} c5 {[%emt 0:00:01]} 2. Nc3 {[%emt 0:00:00]} e6 {[%emt 0:00:01]} 3. g3 {[%emt 0:00:00]} a6 {[%emt 0:00:00]} 4. Bg2 {[%emt 0:00:00]} b5 {[%emt 0:00:00]} 5. d3 {[%emt 0:00:00]} Bb7 {[%emt 0:00:00]} 6. a3 {[%emt 0:00:00]} d6 {[%emt 0:00:00]} 7. Be3 {[%emt 0:00:01]} Nf6 {[%emt 0:00:00]} 8. h3 {[%emt 0:00:01]} Nbd7 {[%emt 0:00:01]} 9. Qd2 {[%emt 0:00:00]} Qc7 {[%emt 0:00:00]} 10. Nge2 {[%emt 0:00:00]} Nb6 {[%emt 0:00:00]} 11. O-O {[%emt 0:00:01]} Nfd7 {[%emt 0:00:00]} 12. f4 {[%emt 0:00:01]} Be7 {[%emt 0:00:01]} 13. g4 {[%emt 0:00:01]} h5 {[%emt 0:00:01]} 14. g5 {[%emt 0:00:01]} g6 {[%emt 0:00:00]} 15. f5 {[%emt 0:00:01]} gxf5 {[%emt 0:00:02]} 16. exf5 {[%emt 0:00:00]} e5 {[%emt 0:00:00]} 17. Ne4 {[%emt 0:00:03]} d5 {[%emt 0:00:03]} 18. f6 {[%emt 0:00:01]} Bf8 {[%emt 0:00:01]} 19. N4g3 {[%emt 0:00:02]} h4 {[%emt 0:00:01]} 20. Nf5 {[%emt 0:00:01]} O-O-O {[%emt 0:00:01]} 21. Ne7+ {[%emt 0:00:02]} Bxe7 {[%emt 0:00:04]} 22. fxe7 {[%emt 0:00:00]} Rde8 {[%emt 0:00:00]} 23. Rxf7 {[%emt 0:00:01]} d4 {[%emt 0:00:01]} 24. Bxb7+ {[%emt 0:00:02]} Kxb7 {[%emt 0:00:00]} 25. Bf2 {[%emt 0:00:03]} Qc6 {[%emt 0:00:00]} 26. Nc1 {[%emt 0:00:08]} Qe6 {[%emt 0:00:01]} 27. Rf3 {[%emt 0:00:01]} Rxe7 {[%emt 0:00:01]} 28. Nb3 {[%emt 0:00:01]} Qc6 {[%emt 0:00:05]} 29. Qe2 {[%emt 0:00:05]} Ka7 {[%emt 0:00:01]} 30. Rf1 {[%emt 0:00:01]} Nd5 {[%emt 0:00:01]} 31. Qe4 {[%emt 0:00:04]} Rg8 {[%emt 0:00:03]} 32. Rf5 {[%emt 0:00:03]} Reg7 {[%emt 0:00:01]} 33. Kh1 {[%emt 0:00:01]} Rxg5 {[%emt 0:00:01]} 34. Rxg5 {[%emt 0:00:00]} Rxg5 {[%emt 0:00:00]} 35. Bxh4 {[%emt 0:00:00]} Rg7 {[%emt 0:00:01]} 36. Bf6 {[%emt 0:00:03]} Rf7 {[%emt 0:00:01]} 37. Na5 {[%emt 0:00:03]} Qd6 {[%emt 0:00:03]} 38. c4 {[%emt 0:00:02]} dxc3 {[%emt 0:00:01]} 39. bxc3 {[%emt 0:00:01]} Qe6 {[%emt 0:00:07]} 40. c4 {[%emt 0:00:02]} Qxh3+ {[%emt 0:00:02]} 41. Kg1 {[%emt 0:00:01]} Qg3+ {[%emt 0:00:00]} 42. Kh1 {[%emt 0:00:02]} Qh3+ {[%emt 0:00:02] Time (Lag: Av=0.74s, max=2.2s)} 0-1

[Event "Stay Safe Play From Home 275"]
[Site "Emanuel Lasker Arena"]
[Date "2020.07.03"]
[Round "5"]
[White "Mepe_Nika"]
[Black "Uber_WING"]
[Result "0-1"]
[WhiteElo "2324"]
[BlackElo "2401"]
[PlyCount "60"]
[EventDate "2020.07.03"]
[EventType "swiss (blitz)"]

1. d4 {[%emt 0:00:01]} e5 {[%emt 0:00:01]} 2. dxe5 {[%emt 0:00:01]} d6 {[%emt 0:00:00]} 3. exd6 {[%emt 0:00:01]} Bxd6 {[%emt 0:00:00]} 4. Nf3 {[%emt 0:00:00]} Nc6 {[%emt 0:00:00]} 5. g3 {[%emt 0:00:00]} Bg4 {[%emt 0:00:01]} 6. Bg2 {[%emt 0:00:00]} Qe7 {[%emt 0:00:00]} 7. O-O {[%emt 0:00:00]} O-O-O {[%emt 0:00:00]} 8. Nbd2 {[%emt 0:00:01]} h5 {[%emt 0:00:01]} 9. h4 {[%emt 0:00:01]} f6 {[%emt 0:00:02]} 10. c3 {[%emt 0:00:01]} g5 {[%emt 0:00:01]} 11. Qa4 {[%emt 0:00:01]} gxh4 {[%emt 0:00:02]} 12. Nxh4 {[%emt 0:00:01]} Qe8 {[%emt 0:00:09]} 13. Ne4 {[%emt 0:00:04]} f5 {[%emt 0:00:04]} 14. Nxd6+ {[%emt 0:00:02]} Rxd6 {[%emt 0:00:00]} 15. Bf4 {[%emt 0:00:01]} Re6 {[%emt 0:00:02]} 16. Rad1 {[%emt 0:00:02]} a6 {[%emt 0:00:05]} 17. Rd2 {[%emt 0:00:03]} Nf6 {[%emt 0:00:01]} 18. Rfd1 {[%emt 0:00:01]} Ne4 {[%emt 0:00:02]} 19. Bxe4 {[%emt 0:00:04]} fxe4 {[%emt 0:00:00]} 20. Rd4 {[%emt 0:00:08]} Nxd4 {[%emt 0:00:05]} 21. Qxe8+ {[%emt 0:00:00]} Rhxe8 {[%emt 0:00:01]} 22. Rxd4 {[%emt 0:00:00]} Bxe2 {[%emt 0:00:01]} 23. Ng6 {[%emt 0:00:01]} Rxg6 {[%emt 0:00:01]} 24. Be3 {[%emt 0:00:01]} Bf3 {[%emt 0:00:01]} 25. Kh2 {[%emt 0:00:01]} h4 {[%emt 0:00:01]} 26. Bf4 {[%emt 0:00:02]} hxg3+ {[%emt 0:00:01]} 27. fxg3 {[%emt 0:00:01]} Rh8+ {[%emt 0:00:02]} 28. Kg1 {[%emt 0:00:00]} Rf8 {[%emt 0:00:00]} 29. Kf2 {[%emt 0:00:00]} c5 {[%emt 0:00:02]} 30. Rd2 {[%emt 0:00:02]} Rd8 {[%emt 0:00:02] Mepe_Nika resigns (Lag: Av=0.33s, max=1.0s)} 0-1

[Event "Stay Safe Play From Home 275"]
[Site "Emanuel Lasker Arena"]
[Date "2020.07.03"]
[Round "5"]
[White "The Next Contender"]
[Black "buzaglo"]
[Result "1-0"]
[WhiteElo "2005"]
[BlackElo "1977"]
[PlyCount "83"]
[EventDate "2020.07.03"]
[EventType "swiss (blitz)"]

1. d4 {[%emt 0:00:04]} e6 {[%emt 0:00:00]} 2. c4 {[%emt 0:00:01]} d5 {[%emt 0:00:00]} 3. Nf3 {[%emt 0:00:01]} Nf6 {[%emt 0:00:01]} 4. g3 {[%emt 0:00:00]} c5 {[%emt 0:00:01]} 5. Bg2 {[%emt 0:00:01]} cxd4 {[%emt 0:00:00]} 6. Nxd4 {[%emt 0:00:01]} Bb4+ {[%emt 0:00:00]} 7. Bd2 {[%emt 0:00:03]} Be7 {[%emt 0:00:00]} 8. O-O {[%emt 0:00:01]} O-O {[%emt 0:00:01]} 9. cxd5 {[%emt 0:00:01]} Nxd5 {[%emt 0:00:01]} 10. Nc3 {[%emt 0:00:01]} Nxc3 {[%emt 0:00:01]} 11. Bxc3 {[%emt 0:00:00]} Bd7 {[%emt 0:00:02]} 12. e3 {[%emt 0:00:01]} Nc6 {[%emt 0:00:01]} 13. Qg4 {[%emt 0:00:02]} Nxd4 {[%emt 0:00:02]} 14. Bxd4 {[%emt 0:00:00]} f6 {[%emt 0:00:02]} 15. Bxb7 {[%emt 0:00:02]} e5 {[%emt 0:00:01]} 16. Qe4 {[%emt 0:00:06]} Rb8 {[%emt 0:00:05]} 17. Bd5+ {[%emt 0:00:02]} Kh8 {[%emt 0:00:02]} 18. Bc3 {[%emt 0:00:01]} f5 {[%emt 0:00:03]} 19. Qxe5 {[%emt 0:00:01]} Bf6 {[%emt 0:00:01]} 20. Qf4 {[%emt 0:00:01]} Bb5 {[%emt 0:00:03]} 21. Rfd1 {[%emt 0:00:01]} Qe7 {[%emt 0:00:02]} 22. Bxf6 {[%emt 0:00:02]} Qxf6 {[%emt 0:00:01]} 23. b3 {[%emt 0:00:02]} Rbe8 {[%emt 0:00:03]} 24. Rac1 {[%emt 0:00:01]} h6 {[%emt 0:00:01]} 25. Rc7 {[%emt 0:00:01]} Re7 {[%emt 0:00:02]} 26. Rxe7 {[%emt 0:00:02]} Qxe7 {[%emt 0:00:00]} 27. Qd4 {[%emt 0:00:02]} Be8 {[%emt 0:00:02]} 28. Rc1 {[%emt 0:00:01]} Bg6 {[%emt 0:00:01]} 29. Qf4 {[%emt 0:00:01]} Qf6 {[%emt 0:00:01]} 30. Rc7 {[%emt 0:00:01]} Qg5 {[%emt 0:00:00]} 31. Qxg5 {[%emt 0:00:01]} hxg5 {[%emt 0:00:00]} 32. Rxa7 {[%emt 0:00:01]} Rc8 {[%emt 0:00:02]} 33. Bc4 {[%emt 0:00:01]} f4 {[%emt 0:00:02]} 34. exf4 {[%emt 0:00:01]} gxf4 {[%emt 0:00:00]} 35. gxf4 {[%emt 0:00:00]} Be4 {[%emt 0:00:00]} 36. Re7 {[%emt 0:00:01]} Rd8 {[%emt 0:00:01]} 37. Rxe4 {[%emt 0:00:01]} Rd1+ {[%emt 0:00:01]} 38. Kg2 {[%emt 0:00:00]} Rd2 {[%emt 0:00:00]} 39. a4 {[%emt 0:00:00]} Ra2 {[%emt 0:00:02]} 40. a5 {[%emt 0:00:02]} Rxa5 {[%emt 0:00:01]} 41. Re5 {[%emt 0:00:01]} Ra3 {[%emt 0:00:02]} 42. Rh5# {[%emt 0:00:01] (Lag: Av=0.59s, max=1.3s)} 1-0

[Event "Stay Safe Play From Home 275"]
[Site "Emanuel Lasker Arena"]
[Date "2020.07.03"]
[Round "5"]
[White "Haris kollari 13"]
[Black "Aadi3110theking"]
[Result "1-0"]
[WhiteElo "1771"]
[BlackElo "1577"]
[Annotator "NA"]
[PlyCount "83"]
[EventDate "2020.07.03"]
[EventType "swiss (blitz)"]

1. e4 {[%emt 0:00:01]} c5 {[%emt 0:00:02]} 2. Nf3 {[%emt 0:00:00]} Nc6 {[%emt 0:00:02]} 3. d4 {[%emt 0:00:00]} cxd4 {[%emt 0:00:00]} 4. Nxd4 {[%emt 0:00:00]} g6 {[%emt 0:00:01]} 5. Nc3 {[%emt 0:00:01]} Bg7 {[%emt 0:00:00]} 6. Be3 {[%emt 0:00:00]} Nf6 {[%emt 0:00:01]} 7. Qd2 {[%emt 0:00:01]} O-O {[%emt 0:00:02]} 8. Be2 {[%emt 0:00:01]} d5 {[%emt 0:00:04]} 9. Nxc6 {[%emt 0:00:03]} bxc6 {[%emt 0:00:02]} 10. O-O-O {[%emt 0:00:00]} Be6 {[%emt 0:00:09]} 11. exd5 {[%emt 0:00:02]} cxd5 {[%emt 0:00:01]} 12. Bf3 {[%emt 0:00:01]} Ne4 {[%emt 0:00:07]} 13. Bxe4 {[%emt 0:00:03]} dxe4 {[%emt 0:00:00]} 14. Qxd8 {[%emt 0:00:01]} Rfxd8 {[%emt 0:00:00]} 15. Rxd8+ {[%emt 0:00:01]} Rxd8 {[%emt 0:00:02]} 16. Nxe4 {[%emt 0:00:01]} Rb8 {[%emt 0:00:02]} 17. c3 {[%emt 0:00:01]} Bxa2 {[%emt 0:00:01]} 18. Bxa7 {[%emt 0:00:04]} Rc8 {[%emt 0:00:03]} 19. Kc2 {[%emt 0:00:04]} f5 {[%emt 0:00:01]} 20. Ng3 {[%emt 0:00:02]} Bd5 {[%emt 0:00:02]} 21. Rg1 {[%emt 0:00:01]} f4 {[%emt 0:00:02]} 22. Ne2 {[%emt 0:00:01]} Be4+ {[%emt 0:00:01]} 23. Kc1 {[%emt 0:00:07]} Bxg2 {[%emt 0:00:03]} 24. Nxf4 {[%emt 0:00:04]} Bh6 {[%emt 0:00:02]} 25. Rxg2 {[%emt 0:00:02]} Bxf4+ {[%emt 0:00:02]} 26. Be3 {[%emt 0:00:02]} Bxe3+ {[%emt 0:00:01]} 27. fxe3 {[%emt 0:00:01]} Rb8 {[%emt 0:00:00]} 28. Kc2 {[%emt 0:00:01]} Rb6 {[%emt 0:00:00]} 29. b4 {[%emt 0:00:01]} Rc6 {[%emt 0:00:00]} 30. Kb3 {[%emt 0:00:01]} Rb6 {[%emt 0:00:00]} 31. Ra2 {[%emt 0:00:01]} Rc6 {[%emt 0:00:00]} 32. c4 {[%emt 0:00:01]} Rc7 {[%emt 0:00:00]} 33. c5 {[%emt 0:00:01]} Kg7 {[%emt 0:00:00]} 34. Kc4 {[%emt 0:00:00]} Kf7 {[%emt 0:00:00]} 35. b5 {[%emt 0:00:00]} Kg7 {[%emt 0:00:00]} 36. b6 {[%emt 0:00:00]} Kh6 {[%emt 0:00:00]} 37. bxc7 {[%emt 0:00:01]} g5 {[%emt 0:00:00]} 38. c8=Q {[%emt 0:00:01]} Kh5 {[%emt 0:00:00]} 39. Qe6 {[%emt 0:00:00]} Kh4 {[%emt 0:00:00]} 40. Rg2 {[%emt 0:00:01]} Kh5 {[%emt 0:00:00]} 41. Qf7+ {[%emt 0:00:01]} Kh4 {[%emt 0:00:01]} 42. Qxh7# {[%emt 0:00:01] (Lag: Av=0.88s, max=1.6s)} 1-0